LEADER 00752nam0-22002891i-450- 001 990001737060403321 005 20070612163635.0 035 $a000173706 035 $aFED01000173706 035 $a(Aleph)000173706FED01 035 $a000173706 100 $a20030910d1878----km-y0itay50------ba 101 0 $aeng 102 $aGB 200 1 $aPractical architecture$fRobert Scott Burn 210 $aLondon$cCountry Office$d[1878] 215 $a204 p.$d25 cm 610 0 $aArchitettura 676 $a720 700 1$aBurn,$bRobert Scott$071408 801 0$aIT$bUNINA$gRICA$2UNIMARC 901 $aBK 912 $a990001737060403321 952 $a60 720 B 2$b1448$fFAGBC 959 $aFAGBC 996 $aPractical architecture$9364810 997 $aUNINA